A patient with acute urinary retention of unknown origin: answers
Saved in:
| Main Authors: | , |
|---|---|
| Format: | Article (Journal) |
| Language: | English |
| Published: |
2012
|
| In: |
Pediatric nephrology
Year: 2011, Volume: 27, Issue: 3, Pages: 387-388 |
| ISSN: | 1432-198X |
| DOI: | 10.1007/s00467-011-1967-x |
| Online Access: | Verlag, Volltext: https://link.springer.com/article/10.1007/s00467-011-1967-x Verlag, Volltext: http://dx.doi.org/10.1007/s00467-011-1967-x |
| Author Notes: | Bilal Aoun, Ali Bourji, Tim Ulinski, Hassan Fakhoury, Nabil Daoud, Claus Peter Schmitt |
MARC
| LEADER | 00000caa a2200000 c 4500 | ||
|---|---|---|---|
| 001 | 1576855082 | ||
| 003 | DE-627 | ||
| 005 | 20240413111350.0 | ||
| 007 | cr uuu---uuuuu | ||
| 008 | 180626r20122011xx |||||o 00| ||eng c | ||
| 024 | 7 | |a 10.1007/s00467-011-1967-x |2 doi | |
| 035 | |a (DE-627)1576855082 | ||
| 035 | |a (DE-576)506855082 | ||
| 035 | |a (DE-599)BSZ506855082 | ||
| 035 | |a (OCoLC)1341012832 | ||
| 040 | |a DE-627 |b ger |c DE-627 |e rda | ||
| 041 | |a eng | ||
| 084 | |a 33 |2 sdnb | ||
| 100 | 1 | |a Aoun, Bilal |e VerfasserIn |0 (DE-588)1161756930 |0 (DE-627)1025211871 |0 (DE-576)506854485 |4 aut | |
| 245 | 1 | 2 | |a A patient with acute urinary retention of unknown origin |b answers |c Bilal Aoun, Ali Bourji, Tim Ulinski, Hassan Fakhoury, Nabil Daoud, Claus Peter Schmitt |
| 264 | 1 | |c 2012 | |
| 300 | |a 2 | ||
| 336 | |a Text |b txt |2 rdacontent | ||
| 337 | |a Computermedien |b c |2 rdamedia | ||
| 338 | |a Online-Ressource |b cr |2 rdacarrier | ||
| 500 | |a Published online: 10 August 2011 | ||
| 500 | |a Gesehen am 26.06.2018 | ||
| 534 | |c 2011 | ||
| 700 | 1 | |a Schmitt, Claus P. |e VerfasserIn |0 (DE-588)1030179123 |0 (DE-627)734893620 |0 (DE-576)377990280 |4 aut | |
| 773 | 0 | 8 | |i Enthalten in |t Pediatric nephrology |d Berlin : Springer, 1987 |g 27(2012), 3, Seite 387-388 |h Online-Ressource |w (DE-627)254638872 |w (DE-600)1463004-7 |w (DE-576)074531689 |x 1432-198X |7 nnas |a A patient with acute urinary retention of unknown origin answers |
| 773 | 1 | 8 | |g volume:27 |g year:2012 |g number:3 |g pages:387-388 |g extent:2 |a A patient with acute urinary retention of unknown origin answers |
| 856 | 4 | 0 | |u https://link.springer.com/article/10.1007/s00467-011-1967-x |x Verlag |3 Volltext |
| 856 | 4 | 0 | |u http://dx.doi.org/10.1007/s00467-011-1967-x |x Verlag |x Resolving-System |3 Volltext |
| 951 | |a AR | ||
| 992 | |a 20180626 | ||
| 993 | |a Article | ||
| 994 | |a 2012 | ||
| 998 | |g 1030179123 |a Schmitt, Claus P. |m 1030179123:Schmitt, Claus P. |d 910000 |d 910500 |e 910000PS1030179123 |e 910500PS1030179123 |k 0/910000/ |k 1/910000/910500/ |p 6 |y j | ||
| 999 | |a KXP-PPN1576855082 |e 3013809655 | ||
| BIB | |a Y | ||
| SER | |a journal | ||
| JSO | |a {"title":[{"subtitle":"answers","title_sort":"patient with acute urinary retention of unknown origin","title":"A patient with acute urinary retention of unknown origin"}],"type":{"bibl":"article-journal","media":"Online-Ressource"},"language":["eng"],"relHost":[{"type":{"bibl":"periodical","media":"Online-Ressource"},"part":{"volume":"27","text":"27(2012), 3, Seite 387-388","extent":"2","issue":"3","year":"2012","pages":"387-388"},"id":{"zdb":["1463004-7"],"eki":["254638872"],"issn":["1432-198X"]},"language":["eng"],"physDesc":[{"extent":"Online-Ressource"}],"disp":"A patient with acute urinary retention of unknown origin answersPediatric nephrology","pubHistory":["1.1987 -"],"origin":[{"publisherPlace":"Berlin ; Heidelberg ; Berlin ; Heidelberg ; New York, NY","dateIssuedKey":"1987","publisher":"Springer ; Springer","dateIssuedDisp":"1987-"}],"title":[{"title_sort":"Pediatric nephrology","title":"Pediatric nephrology","subtitle":"journal of the International Pediatric Nephrology Association"}],"recId":"254638872","note":["Gesehen am 06.12.05"]}],"note":["Published online: 10 August 2011","Gesehen am 26.06.2018"],"name":{"displayForm":["Bilal Aoun, Ali Bourji, Tim Ulinski, Hassan Fakhoury, Nabil Daoud, Claus Peter Schmitt"]},"origin":[{"dateIssuedDisp":"2012","dateIssuedKey":"2012"}],"person":[{"role":"aut","display":"Aoun, Bilal","given":"Bilal","family":"Aoun"},{"family":"Schmitt","given":"Claus P.","display":"Schmitt, Claus P.","role":"aut"}],"id":{"eki":["1576855082"],"doi":["10.1007/s00467-011-1967-x"]},"physDesc":[{"extent":"2 S."}],"recId":"1576855082"} | ||
| SRT | |a AOUNBILALSPATIENTWIT2012 | ||